000 01177nam2a2200241 4500
001 rc\2932681
005 20260315055256.0
035 _a(NLR Aleph) 007081995
090 _a13597699
_c13597699
100 _a20110819d1935 u y0rusy50 ca
101 0 _arus
102 _aRU
105 _ay z |||||
200 0 _aЗадание 2
_fСост. Б.Е. Горелик
210 _d[1935]
215 _a22 с., 2 с. объявл.
461 0 _1001rc\2932679
_12001#$aОрганизация и редактирование стенной газеты$fРед. - руководитель курса С.Б. Корж$vЗадание 2
_96486404
_aЗаочные курсы редакторов колхозных и бригадных стенгазет (Москва)
_c[Москва]
_d[1934]
_fРед. - руководитель курса С.Б. Корж
_nизд-во и тип. изд-ва "Крестьян. газ."
_tОрганизация и редактирование стенной газеты
_vЗадание 2
702 1 _aГорелик
_bБ.Е.
_4220
801 0 _aRU
_bNLR
_gpsbo
801 1 _aRU
_bELAR
_2rusmarc
852 _aNLR
_j34-17/520
942 _cUNSPEC
980 _aNB